| 000 | 00674nam a2200217Ia 4500 | ||
|---|---|---|---|
| 003 | GCL | ||
| 008 | 140319s9999 xx 000 0 ara d | ||
| 040 |
_aGCL / _cGCL |
||
| 082 | 0 | 4 |
_aط _b507 _bت ت |
| 100 | 1 | _aحسينى ابوزيد | |
| 245 | 1 | 0 |
_aتجارب علمية للاطفال 1 / _cحسينى ابوزيد |
| 700 | 1 | _aاحمد فؤاد | |
| 260 |
_a[S.N] : _bمركز الاهرام للترجمة والنشر ، _c1991 |
||
| 300 | _a16 ص | ||
| 490 |
_aسلسلة تجارب علمية للأطفال _v0 |
||
| 650 | 0 | 4 | _aالاطفال |
| 650 | 0 | 4 | _aالعلوم |
| 650 | 0 | 4 | _aالتجارب العلمية |
| 650 | 0 | 4 | _aتجارب |
| 942 |
_2ddc _cBK |
||
| 999 |
_c56410 _d56410 |
||